=LDR 00000nam 2200000 4500 =001 INLIS000000000023211 =005 20200910072615 =035 ##$$a 0010-061300000023211 =008 200910###########################0###### =041 ##$$a Ind =082 ##$$a 2x2.5 =090 ##$$a 2x2.5, Ats-s =100 ##$$a Al-Atsari, Abu Ubaidah Yusuf bin Mukhtar =245 1#$$a Syaikh Al-Albani Dihujat, Polemik tentang bolehkah shalat tarawih 23 rakaat?, Ubaidah Yusuf bin Mukhtar al-Atsari =260 ##$$a 2005 :$b Jakarta =300 ##$$a 194 hlm., 21 cm =650 #4$$a Hadist-kritik =850 ##$$a NBPNMAT =990 ##$$a 13193